000 01165nam a2200229Ia 4500
001 L922-42167
003 IT-CnALBA
008 170116s9999||||xx |||||||||||||| ||und||
040 _aIT-CnALBA
_cIT-CnALBA
041 _aITALIANO
100 _aFUSERO CLEMENTE
245 0 _aLEONARDO DA VINCI.
250 _a1a ed.
260 _aMILANO
_bDALL'OGLIO CORBACCIO EDITORE
_c1957 [1° Ed.: n.d.]
300 _a396 p.
500 _aINTRODUZIONE. INDICE ILLUSTRAZIONI. TAVOLE FUORI TESTO. NELLA BOTTEGA DEL VARROCCHIO. PRIME OPERE. EVASIONE. CORTIGIANO. LA VERGINE DELLE ROCCE. LA CENA. CADUTA DEL MORO. AL SERVIZIO DI CESARE BORGIA DETTO IL VALENTOINO. NIPOTE DI CLEMENTE VI PAPA BORGIA.
501 _aSocietà San Paolo EM - Piazza San Paolo, 14 - 12051 ALBA (CN) (non commercial uses only) ® Copyright 2017
520 _aINTRODUZIONE. INDICE ILLUSTRAZIONI. TAVOLE FUORI TESTO. NELLA BOTTEGA DEL VARROCCHIO. PRIME OPERE. EVASIONE. CORTIGIANO. LA VERGINE DELLE ROCCE. LA CENA. CADUTA DEL MORO. AL SERVIZIO DI CESARE BORGIA DETTO IL VALENTOINO. NIPOTE DI CLEMENTE VI PAPA BORGIA.
650 _aBIOGRAFIE, UOMINI ILLUSTRI
942 _cBK
957 _71
999 _a47396
_bNO
_g Copie: 1
_c301135
_d301135